00453 2200181 4500001002100000005001500021035002000036008004100056245005400097100001200151250000600163260004200169300001200211084001400223082000800237650001400245990001200259INLIS00000000000016920240502114142 a0010-0424000145240502 0 ind 1 aSelayang Pandang ( Unsur-Unsur Kimia ) /cSupardi aSupardi a1 aSurakarta :bPustaka Pawiyatan,c2012 a122 hlm a540 SUP s a540 4aNon Fiksi a0732486